An index for operational flexibility in chemical process design /
Guardado en:
| Autor Principal: | |
|---|---|
| Otros Autores: | |
| Formato: | Libro |
| Idioma: | English |
| Publicado: |
Pittsburgh, Pa. :
Design Research Center,
1983.
|
| Materias: | |
| Etiquetas: |
Agregar Etiqueta
Sin Etiquetas, Sea el primero en etiquetar este registro!
|
| LEADER | 00912nam a22002295a 4500 | ||
|---|---|---|---|
| 001 | EIQ.libpla002097 | ||
| 008 | 070417s1983####paua#####b####000#0#eng#d | ||
| 005 | 20070918114320.0 | ||
| 245 | 1 | 3 | |a An index for operational flexibility in chemical process design / |c R. E. Swaney & I.E. Grossmann. |
| 260 | |a Pittsburgh, Pa. : |b Design Research Center, |c 1983. | ||
| 300 | |a 2 v. : |b il., diagrs. ; |c 28 cm. | ||
| 504 | |a Incluye bibliografía. | ||
| 505 | 0 | |a pt. 1. Formulation and theory -- pt. 2. Computational algorithms. | |
| 100 | 1 | |a Swaney, R.E. | |
| 700 | 1 | |a Grossmann, Ignacio E. | |
| 650 | 4 | |a Química |x Diseño de procesos. | |
| 650 | 4 | |a Procesos |x Simulación. | |
| 650 | 4 | |a Chemistry |x Processes design. | |
| 650 | 4 | |a Process |x Simulation. | |
| 040 | |a AR-BbSID |b spa |c AR-BbSID | ||
| 859 | |a AR-BbSID |b BIB. PLAPIQUI |h 660.281 |i Sw 24 |p 3574 |v Pt. 1 |3 Pt. 1 | ||
| 859 | |a AR-BbSID |b BIB. PLAPIQUI |h 660.281 |i Sw 24 |p 3325 |v Pt. 2 |3 Pt. 2 | ||
